| 000 | 02310nam a22002533i 4500 | ||
|---|---|---|---|
| 003 | OSt | ||
| 005 | 20250808103736.0 | ||
| 008 | 211214s2020 xx o ||||0 spa d | ||
| 020 | _a9788429195569 | ||
| 037 | _bDonación | ||
| 040 |
_aCO-JMCR _bspa _erda _cCO-JMCR _dCO-JMCR |
||
| 041 | 1 |
_aspa _heng |
|
| 082 | 0 | 4 |
_a152.4 _223 _bP63p |
| 100 | 1 |
_aReview, Harvard Business. _944201 |
|
| 110 | 2 |
_aReview, Harvard Business, _eautor _944202 |
|
| 245 | 1 | 0 | _aPoder + Influencia. |
| 250 | _aprimera edición. | ||
| 264 | 1 |
_aBarcelona : _bEditorial Reverté, _c2020. |
|
| 264 | 4 | _c©2020. | |
| 300 |
_a155 páginas ; _c18 cm. |
||
| 505 | 0 | _a1. No dejes que el poder te corrompa -- 2. ¿Cuál es tu estilo de liderazgo? -- 3. Cómo saber cuánta influencia tienes en el trabajo -- 4. Cuatro formas de malgastar el poder -- 5. Haz que tu equipo se sienta poderoso -- 6. Cómo usar tu superpoder para el bien -- 7. Sentirnos poderosos en el trabajo nos hace sentir peor cuando llegamos a casa -- 8. Cómo trabajar con una persona manipuladora -- 9. Sexo, poder y sistemas sociales que toleran a tipos como Harvey Weinstein -- 10. Utiliza tus privilegios particulares para ayudar a otros -- 11. Para generar el cambio, el liderazgo es más importante que la autoridad -- 12. Piensa en cómo edificarás tu legado -- 13. Cómo funciona el liderazgo humilde -- Serie Inteligencia Emocional -- Guías Harvard Business Review -- Créditos. | |
| 520 | _aLa autoridad formal conlleva implícita el poder. Pero muy poca gente es consciente de que también existe un poder informal, que no está vinculado a ningún cargo o jerarquía, pero capaz de ejercer un gran impacto. La Serie Inteligencia Emocional de HBR presenta textos cuidadosamente seleccionados sobre los aspectos humanos de la vida laboral y personal. Se trata de lecturas estimulantes y prácticas que nos ayudarán a conseguir el bienestar emocional. • Aprende a usar tu poder para tener más influencia. • Descubre cómo el poder incide en nuestras emociones, en nuestro comportamiento y en nuestra relación con los demás. • Consigue una mayor conciencia de ti mism@ y así mantén tu poder bajo control. • Relaciónate con las personas adecuadas para generar más valor. • Reacciona adecuadamente frente a los abusos de poder. | ||
| 942 |
_cBK _2ddc |
||
| 999 |
_c31032 _d17416 |
||